000 00328nam a22001457a 4500
008 230329b ||||| |||| 00| 0 eng d
020 _a9780803616936
041 _aeng
080 _2FOURTH EDITION
_a610.73
082 _a610.73BEN
100 _a7
101 _aINFE
245 _aOB/GYN MENTOR
_cBENSON.D.M
942 _2udc
_cBK
999 _c59479
_d59479